000 00252nam a22001097a 4500
008 170126b xxu||||| |||| 00| 0 eng d
020 _a9780072820300
041 _aeng
080 _29TH
_a61
245 _aHUMAN DEVELOPMENT
_cPAPALIA, D.E
942 _2udc
_cBK
999 _c3761
_d3761